000 00323nam a2200133Ia 4500
999 _c6767
_d6767
003 OSt
008 191201s2013 xx 000 0 und d
100 _aHELFAND, Lewis
245 0 _aMother Teresa Angel of Slims
260 _bKALYANI MEDIA PVT. LTD.
_c2013
300 _a83
650 _aGeneral Books
942 _2ddc
_cBK
_02